al-Islām amāma al-raʼs-mālīyah wa-al-Marksīyah (Record no. 48569)

MARC details
000 -LEADER
fixed length control field 00638cam a22002051 4500
001 - CONTROL NUMBER
control field ne 65002563
003 - CONTROL NUMBER IDENTIFIER
control field DLC
005 - DATE AND TIME OF LATEST TRANSACTION
control field 20260227111819.0
008 - FIXED-LENGTH DATA ELEMENTS--GENERAL INFORMATION
fixed length control field 820702s1965 le 000 0 arar
010 ## - LIBRARY OF CONGRESS CONTROL NUMBER
LC control number ne 65002563
035 ## - SYSTEM CONTROL NUMBER
System control number (OCoLC)8570083
040 ## - CATALOGING SOURCE
Original cataloging agency DLC
Transcribing agency TU
Modifying agency TU
-- DLC
050 00 - LIBRARY OF CONGRESS CALL NUMBER
Classification number HX550.I8
Item number D3 1965
100 1# - MAIN ENTRY--PERSONAL NAME
Personal name Dawālībī, Muḥammad Maʻrūf,
Dates associated with a name 1907-
245 13 - TITLE STATEMENT
Title al-Islām amāma al-raʼs-mālīyah wa-al-Marksīyah
Statement of responsibility, etc. [taʼlīf] Muḥammad Maʻrūf al-Dawālībī.
250 ## - EDITION STATEMENT
Edition statement al-Ṭabʻah 3.
260 ## - PUBLICATION, DISTRIBUTION, ETC.
Place of publication, distribution, etc. [Bayrūt]
Name of publisher, distributor, etc. Dār al-Kitāb al-Jadīd
Date of publication, distribution, etc. [1965]
300 ## - PHYSICAL DESCRIPTION
Extent 29 p.
Dimensions 20 cm.
650 #0 - SUBJECT ADDED ENTRY--TOPICAL TERM
Topical term or geographic name entry element Socialism and Islam.

No items available.

Powered by Koha